000 00517nam a2200169 a 4500
001 60112
005 20180714061243.0
008 140415s1992 sp 000 0 spa d
020 _a8425418038
041 _aspa
082 _a121.68
_bRUI
100 1 _aRUIA DE AZÚA, JAVIER BENGOA
245 1 3 _aDE HEIDEGGER A HABERMAS :
_bHERMENEUTICA Y FUNDAMENTACION ULTIMA EN LA FILOSOFIA CONTEMPORNEA
250 _a1a ed.
260 _aBARCELONA :
_bEDITORIAL HERDER ,
_c1992,
650 1 4 _aHERMENEUTICA
999 _c60112
_d60112